[Event "VIE-ch U15"]
[Site "Hanoi"]
[Date "2022.06.16"]
[Round "8"]
[White "Tran, Phat Dat"]
[Black "Nguyen, Tran Duy Anh"]
[Result "1/2-1/2"]
[WhiteElo "2325"]
[BlackElo "2331"]
[PlyCount "92"]
[EventDate "2022.06.11"]
[EventType "swiss"]
[EventRounds "9"]
[EventCountry "VIE"]
[SourceTitle "EXT 2023"]
[Source "ChessBase"]
[SourceDate "2022.10.05"]
[SourceVersion "1"]
[SourceVersionDate "2022.10.05"]
[SourceQuality "1"]

1. Nf3 d5 2. b3 Nf6 3. Bb2 e6 4. g3 b6 5. Bg2 Bb7 6. 0-0 Be7 7. d4 0-0 8. e3 Nbd7 9. Qe2 c5 10. dxc5 bxc5 11. Rd1 Bd6 12. c4 Qe7 13. cxd5 exd5 14. Nc3 Nb6 15. Rac1 a6 16. a4 Rfd8 17. a5 Nc8 18. Nh4 Qe6 19. Na4 Ne4 20. Bxe4 Qxe4 21. Qd3 Qb4 22. Qc3 Qxc3 23. Rxc3 c4 24. bxc4 Bc6 25. Nb6 Nxb6 26. axb6 Be5 27. Rc2 dxc4 28. Rdc1 Bxb2 29. Rxb2 Rab8 30. f3 g6 31. Rxc4 Bb5 32. Rd4 Rxd4 33. exd4 Rxb6 34. f4 f6 35. Ng2 Rd6 36. Rb4 Kf7 37. Ne3 Rd8 38. Kf2 Ke6 39. Ke1 Kd6 40. Kd2 Rc8 41. Rb3 Rc7 42. Rc3 Rxc3 43. Kxc3 a5 44. Kb3 h5 45. h4 Ke6 46. Kc3 Kd6 1/2-1/2

[Event "VIE-ch U15"]
[Site "Hanoi"]
[Date "2022.06.14"]
[Round "5"]
[White "Nguyen, Tran Duy Anh"]
[Black "Pham, Minh Hieu1"]
[Result "1-0"]
[WhiteElo "2331"]
[BlackElo "2322"]
[PlyCount "138"]
[EventDate "2022.06.11"]
[EventType "swiss"]
[EventRounds "9"]
[EventCountry "VIE"]
[SourceTitle "EXT 2023"]
[Source "ChessBase"]
[SourceDate "2022.10.05"]
[SourceVersion "1"]
[SourceVersionDate "2022.10.05"]
[SourceQuality "1"]

1. e4 d5 2. exd5 Qxd5 3. Nc3 Qa5 4. d4 c6 5. Nf3 Nf6 6. Bd2 Bf5 7. Bc4 e6 8. 0-0 Qc7 9. Re1 Be7 10. Ne2 Bd6 11. h3 0-0 12. Bb3 Nbd7 13. c4 c5 14. Nc3 cxd4 15. Nxd4 Bg6 16. Ndb5 Bh2+ 17. Kh1 Qb8 18. Be3 a6 19. Nd4 Bd6 20. Bc2 Bh5 21. Qd2 Rd8 22. Ne4 Nxe4 23. Bxe4 Nf6 24. Bf3 Bxf3 25. Nxf3 Qc7 26. Qe2 Rac8 27. b3 Rd7 28. Bd4 Be7 29. Red1 Rcd8 30. Bb2 Qb6 31. Rxd7 Rxd7 32. Kg1 Qd8 33. Kf1 h6 34. Bc3 Rd3 35. Rc1 Ba3 36. Rc2 Rd1+ 37. Ne1 Rd7 38. Rd2 Be7 39. Rxd7 Nxd7 40. Qd3 Qc7 41. Nf3 Nc5 42. Qe2 Qf4 43. Qe3 Qf5 44. Nd2 Bg5 45. Qd4 Bf6 46. Qe3 Bg5 47. Qd4 f6 48. Ke2 Bxd2 49. Bxd2 Ne4 50. Be3 Ng5 51. Qd8+ Kh7 52. Qd3 Ne4 53. f3 Ng3+ 54. Kd2 Kg6 55. Qxf5+ Kxf5 56. Kd3 Ke5 57. b4 Nf5 58. Bf2 Kd6 59. g4 Ne7 60. Bc5+ Kd7 61. Bxe7 Kxe7 62. c5 Kd7 63. a4 g6 64. b5 f5 65. Kd4 h5 66. gxh5 gxh5 67. Ke5 h4 68. f4 Ke7 69. c6 bxc6 1-0

[Event "VIE-ch U13"]
[Site "Hanoi"]
[Date "2020.??.??"]
[Round "2"]
[White "Bui, Dang Khoa"]
[Black "Nguyen, Tran Duy Anh"]
[Result "0-1"]
[WhiteElo "2320"]
[BlackElo "1458"]
[PlyCount "86"]
[EventDate "2020.10.22"]
[EventType "tourn"]
[EventRounds "9"]
[EventCountry "VIE"]
[SourceTitle "EXT 2022"]
[Source "ChessBase"]
[SourceDate "2021.10.06"]
[SourceVersion "1"]
[SourceVersionDate "2021.10.06"]
[SourceQuality "1"]

1. e4 e6 2. d4 d5 3. exd5 exd5 4. Bd3 Bd6 5. Ne2 Nf6 6. 0-0 0-0 7. Bg5 Bxh2+ 8. Kh1 Bd6 9. b3 h6 10. Bh4 c6 11. c4 Be7 12. Nbc3 Ng4 13. Bg3 Bh4 14. Qd2 Be6 15. Nf4 Qg5 16. cxd5 Bxd5 17. Ncxd5 cxd5 18. Qa5 Nxf2+ 19. Rxf2 Bxg3 20. Nh3 Qd8 21. Qxd8 Rxd8 22. Rf3 Bh4 23. Rd1 Nc6 24. Bb5 Bf6 25. Bxc6 bxc6 26. Nf2 Re8 27. Ng4 Re6 28. Nxf6+ Rxf6 29. Rc3 Re8 30. Rdc1 Re2 31. Rxc6 Rff2 32. Rd6 Rxg2 33. Rxd5 Rh2+ 34. Kg1 Reg2+ 35. Kf1 Rxa2 36. Rd8+ Kh7 37. Kg1 Rag2+ 38. Kf1 Rg3 39. Rc7 Rxb3 40. Kg1 Ra2 41. Rxf7 Rb1+ 42. Rf1 Rxf1+ 43. Kxf1 Kg6 0-1